00435nam a2200169Ia 450000500170000000800410001702000130005804000190007104100120009008200210010210000250012324500420014826000350019030000110022565000190023685000100025520230321103929.0131103s9999 xx 000 0 und d cRs.15.00 aLoreto College aEnglish a891.441bISL-ALA aAll-Aman, Abdul Ajij aNajrul parikramacAbdul Ajij All-Aman aWest BengalbAbdul Rohimc1969 a198p.  aBengali poetry aLCLIB